| 000 | 00616nam a22001937a 4500 | ||
|---|---|---|---|
| 003 | NUST | ||
| 005 | 20230907124443.0 | ||
| 008 | 190720b ||||| |||| 00| 0 eng d | ||
| 020 | _qHardcover. | ||
| 038 | _aAttaullah. | ||
| 082 | _a658 | ||
| 100 |
_aAkhtar, Rabia _918215 |
||
| 245 |
_aRole of Transformation Leadership Style on Project Success in Telecommunication Consultancy Services Providing Industry _cRabia Akhtar. |
||
| 260 |
_aIslamabad : _bNBS - NUST, _c2018. |
||
| 300 |
_aUnspecified p. : ill. ; _c30cm. |
||
| 650 |
_aMBA Thesis. _917629 |
||
| 700 |
_aMr. Kamran Khalid. _917555 |
||
| 942 |
_2ddc _cTHE |
||
| 999 |
_c527111 _d527111 |
||